00484nam a2200157 a 4500001000800000005001700008008004100025040001800066082002100084100003100105245010700136250000900243260004800252300001300300650001300313429397720231211041803.0850816s1985 ii b 000 0 eng  aDLCcDLCdDLC00a305.4.219bAnt. aPrakashan Rashtriya Antar.00aReaching for half the sky :ba reader in women's movement.cMagan Desai for Antar Rashtriya prakashan. a1st. aBaroda :bAntar Rashtriya Prakashan,c1985. a130 p. ; 0aFeminism